Steep descent (Record no. 80391)

MARC details
000 -LEADER
fixed length control field 00832cab a22001935a 4500
001 - CONTROL NUMBER
control field L144212
008 - FIXED-LENGTH DATA ELEMENTS--GENERAL INFORMATION
fixed length control field 080703e20080613xxka f s 000 0 eng d
035 ## - SYSTEM CONTROL NUMBER
System control number (Sirsi) u144212
041 0# - LANGUAGE CODE
Language code of text/sound track or separate title eng
100 1# - MAIN ENTRY--PERSONAL NAME
Personal name Lazenby, Mark
245 00 - TITLE STATEMENT
Title Steep descent
260 ## - PUBLICATION, DISTRIBUTION, ETC.
Date of publication, distribution, etc. 2008
490 ## - SERIES STATEMENT
Series statement Inside Housing
Volume/sequential designation 13 June 2008, 28-29(2)
520 ## - SUMMARY, ETC.
Summary, etc. Article discusses the fact that the Government's house building targets are looking less attainable in the wake of the credit crunch. Details the fall in profits for several major house builders and states that there could be other significant impacts of a lack of funding in the housing market, including threats to the Government target of having carbon neutral construction by 2016.
590 ## - LOCAL NOTE (RLIN)
Local note KA
651 #4 - SUBJECT ADDED ENTRY--GEOGRAPHIC NAME
Geographic name United Kingdom
Chronological subdivision
690 ## - LOCAL SUBJECT ADDED ENTRY--TOPICAL TERM (OCLC, RLIN)
Topical term or geographic name as entry element Residential property
9 (RLIN) 6266
942 ## - ADDED ENTRY ELEMENTS (KOHA)
Suppress in OPAC 0
Holdings
Withdrawn status Lost status Source of classification or shelving scheme Damaged status Not for loan Home library Current library Shelving location Date acquired Total Checkouts Full call number Barcode Date last seen Copy number Price effective from Koha item type
    Dewey Decimal Classification     London London Journal article 03/07/2008   L144212 144212-1001 06/08/2019 1 06/08/2019 Journal article